[Event "Sheikh Russel GM 2021"]
[Site "Dhaka"]
[Date "2021.10.24"]
[Round "6.9"]
[White "Shyam, Sundar M."]
[Black "Laxman, R.R."]
[Result "1-0"]
[WhiteElo "2518"]
[BlackElo "2411"]
[Annotator "ChessBase"]
[PlyCount "268"]
[EventDate "2021.10.19"]
[EventType "swiss"]
[EventCountry "BAN"]
[SourceTitle "playchess.com"]
[Source "ChessBase"]
[SourceQuality "1"]
[TimeControl "40/5400+30:1800+30"]

1. e4 {[%emt 0:00:13]} e5 {[%emt 0:00:06]} 2. Nf3 {[%emt 0:00:06]} Nc6 {[%emt 0:00:05]} 3. Bb5 {[%emt 0:00:03]} Nf6 {[%emt 0:00:10]} 4. d3 {[%emt 0:00:13]} Bc5 {[%emt 0:00:21]} 5. c3 {[%emt 0:00:03]} O-O {[%emt 0:00:26]} 6. O-O {[%emt 0:00:10]} d6 {[%emt 0:00:58]} 7. Nbd2 {[%emt 0:00:12]} a6 {[%emt 0:02:18]} 8. Bxc6 {[%emt 0:00:20]} bxc6 {[%emt 0:00:07]} 9. d4 {[%emt 0:04:13]} exd4 {[%emt 0:01:08]} 10. cxd4 {[%emt 0:00:05]} Ba7 {[%emt 0:00:30]} 11. Qc2 {[%emt 0:00:06]} Bd7 {[%emt 0:02:27]} 12. Re1 {[%emt 0:12:37]} h6 {[%emt 0:04:43]} 13. b3 {[%emt 0:04:27]} c5 {[%emt 0:03:17]} 14. Bb2 {[%emt 0:02:49]} cxd4 {[%emt 0:04:59]} 15. Bxd4 {[%emt 0:00:05]} Bxd4 {[%emt 0:00:33]} 16. Nxd4 {[%emt 0:00:03]} c5 {[%emt 0:00:20]} 17. N4f3 {[%emt 0:05:49]} Bc6 {[%emt 0:07:32]} 18. Rad1 {[%emt 0:43:39]} Qc7 {[%emt 0:03:46]} 19. Nh4 {[%emt 0:00:12]} Rfe8 {[%emt 0:01:02]} 20. Nf5 {[%emt 0:00:09]} Bd7 {[%emt 0:09:55]} 21. Ng3 {[%emt 0:00:07]} Rad8 {[%emt 0:02:50]} 22. h3 {[%emt 0:00:23]} Bc6 {[%emt 0:01:35]} 23. Qc3 {[%emt 0:01:48]} Re6 {[%emt 0:04:28]} 24. Nf5 {[%emt 0:01:53]} h5 {[%emt 0:04:09]} 25. f3 {[%emt 0:04:36]} g6 {[%emt 0:02:26]} 26. Ne3 {[%emt 0:00:04]} Rde8 {[%emt 0:03:44]} 27. Ndc4 {[%emt 0:02:35]} d5 {[%emt 0:01:48]} 28. exd5 {[%emt 0:01:06]} Nxd5 {[%emt 0:00:11]} 29. Nxd5 {[%emt 0:01:03]} Bxd5 {[%emt 0:02:21]} 30. Rxe6 {[%emt 0:00:38]} Bxe6 {[%emt 0:00:52]} 31. Nd6 {[%emt 0:08:02]} Rd8 {[%emt 0:00:25]} 32. Qe5 {[%emt 0:00:02]} c4 {[%emt 0:01:07]} 33. bxc4 {[%emt 0:00:01]} Bxc4 {[%emt 0:00:33]} 34. a3 {[%emt 0:00:49]} Be6 {[%emt 0:01:40]} 35. Kh2 {[%emt 0:01:26]} Kh7 {[%emt 0:16:02]} 36. f4 {[%emt 0:03:54]} Rd7 {[%emt 0:05:43]} 37. Rd3 {[%emt 0:01:21]} h4 {[%emt 0:01:49]} 38. Rd4 {[%emt 0:03:10]} Qc3 {[%emt 0:02:25]} 39. f5 {[%emt 0:00:05]} Qg3+ {[%emt 0:00:05]} 40. Qxg3 {[%emt 0:00:00]} hxg3+ 41. Kxg3 {[%emt 0:00:03]} gxf5 {[%emt 0:00:11]} 42. Kf4 {[%emt 0:03:57]} Kg6 {[%emt 0:00:10]} 43. Rd3 {[%emt 0:01:34]} Re7 {[%emt 0:05:12]} 44. Re3 {[%emt 0:03:23]} Rd7 {[%emt 0:02:34]} 45. Ke5 {[%emt 0:02:37]} f4 {[%emt 0:00:30]} 46. Rf3 {[%emt 0:02:51]} Re7 {[%emt 0:01:08]} 47. Kxf4 {[%emt 0:00:50]} Bd5 {[%emt 0:00:19]} 48. Rd3 {[%emt 0:01:33]} Bc6 {[%emt 0:00:22]} 49. Rc3 {[%emt 0:00:12]} Bd5 {[%emt 0:00:24]} 50. Rc5 {[%emt 0:00:18]} Ba8 {[%emt 0:00:36]} 51. Rc8 {[%emt 0:06:45]} Bd5 {[%emt 0:00:29]} 52. g4 {[%emt 0:01:12]} Re6 {[%emt 0:02:11]} 53. Rg8+ {[%emt 0:01:50]} Kh7 {[%emt 0:00:11]} 54. Rd8 {[%emt 0:00:01]} Re1 {[%emt 0:00:44]} 55. Kg5 {[%emt 0:02:43]} Re5+ {[%emt 0:00:53]} 56. Nf5 {[%emt 0:00:08]} Be6 {[%emt 0:00:21]} 57. Kf6 {[%emt 0:00:39]} Ra5 {[%emt 0:00:08]} 58. Rd3 {[%emt 0:04:18]} Ra4 {[%emt 0:00:17]} 59. Nd4 {[%emt 0:01:56]} Bc4 {[%emt 0:00:24]} 60. Rc3 {[%emt 0:00:35]} Bd5 {[%emt 0:00:11]} 61. Ke5 {[%emt 0:01:11]} Ra5 {[%emt 0:00:14]} 62. Kf6 {[%emt 0:00:38]} Ra4 {[%emt 0:00:16]} 63. Ne2 {[%emt 0:00:15]} Be6 {[%emt 0:00:47]} 64. Ng3 {[%emt 0:00:16]} Rf4+ {[%emt 0:00:34]} 65. Kg5 {[%emt 0:00:05]} Ra4 {[%emt 0:00:48]} 66. Nf5 {[%emt 0:00:16]} Ra5 {[%emt 0:00:22]} 67. h4 {[%emt 0:01:11]} Ra4 {[%emt 0:01:31]} 68. h5 {[%emt 0:00:20]} Re4 {[%emt 0:00:58]} 69. Rg3 {[%emt 0:00:31]} a5 {[%emt 0:01:59]} 70. Nd6 {[%emt 0:01:06]} Rd4 {[%emt 0:02:54]} 71. Ne8 {[%emt 0:00:06]} Rd5+ {[%emt 0:00:08]} 72. Kf6 {[%emt 0:00:22]} Rd8 {[%emt 0:07:16]} 73. Ke7 {[%emt 0:00:07]} Rd7+ {[%emt 0:00:04]} 74. Kf8 {[%emt 0:00:06]} Rd8 {[%emt 0:00:21]} 75. g5 {[%emt 0:01:26]} Bd7 {[%emt 0:01:58]} 76. g6+ {[%emt 0:00:05]} fxg6 {[%emt 0:00:04]} 77. hxg6+ {[%emt 0:00:02]} Kh6 {[%emt 0:00:07]} 78. g7 {[%emt 0:04:07]} Bxe8 {[%emt 0:00:17]} 79. g8=N+ {[%emt 0:01:14]} Kh5 {[%emt 0:00:05]} 80. Ke7 {[%emt 0:00:11]} Ra8 {[%emt 0:01:52]} 81. Nf6+ {[%emt 0:00:04]} Kh4 {[%emt 0:00:02]} 82. Rc3 {[%emt 0:01:12]} Bb5 {[%emt 0:01:12]} 83. Kd6 {[%emt 0:00:32]} Rd8+ {[%emt 0:00:42]} 84. Ke5 {[%emt 0:00:09]} Rd3 {[%emt 0:00:20]} 85. Rc5 {[%emt 0:00:13]} Rb3 {[%emt 0:03:46]} 86. a4 {[%emt 0:00:19]} Bd3 {[%emt 0:01:04]} 87. Rxa5 {[%emt 0:00:15]} Kg5 {[%emt 0:00:42]} 88. Nd7 {[%emt 0:00:42]} Bf1 {[%emt 0:01:25]} 89. Nc5 {[%emt 0:00:22]} Ra3 {[%emt 0:00:20]} 90. Ra8 {[%emt 0:00:32]} Kg6 {[%emt 0:00:21]} 91. a5 {[%emt 0:00:11]} Ra1 {[%emt 0:00:35]} 92. Nb3 {[%emt 0:00:54]} Re1+ {[%emt 0:00:29]} 93. Kd4 {[%emt 0:00:09]} Kg7 {[%emt 0:01:03]} 94. Nd2 {[%emt 0:00:31]} Bb5 {[%emt 0:00:58]} 95. Rb8 {[%emt 0:00:16]} Bc6 {[%emt 0:00:26]} 96. Rb6 {[%emt 0:00:49]} Bg2 {[%emt 0:00:26]} 97. a6 {[%emt 0:01:26]} Kf7 {[%emt 0:00:32]} 98. Nc4 {[%emt 0:00:39]} Ke7 {[%emt 0:01:00]} 99. Rg6 {[%emt 0:00:19]} Bh1 {[%emt 0:00:58]} 100. a7 {[%emt 0:00:31]} Kd8 {[%emt 0:08:03]} 101. Rh6 {[%emt 0:00:16]} Bg2 {[%emt 0:00:58]} 102. Kc5 {[%emt 0:00:19]} Ra1 {[%emt 0:01:04]} 103. Rh7 {[%emt 0:00:04]} Be4 {[%emt 0:01:47]} 104. Rg7 {[%emt 0:00:09]} Bh1 {[%emt 0:00:55]} 105. Rf7 {[%emt 0:00:12]} Bg2 {[%emt 0:00:41]} 106. Ne3 {[%emt 0:00:22]} Be4 {[%emt 0:00:49]} 107. Rg7 {[%emt 0:00:45]} Bf3 {[%emt 0:00:44]} 108. Nc4 {[%emt 0:00:19]} Bh1 {[%emt 0:00:29]} 109. Nd6 {[%emt 0:00:32]} Ra6 {[%emt 0:01:36]} 110. Nb7+ {[%emt 0:00:38]} Kc8 {[%emt 0:00:10]} 111. Nd6+ {[%emt 0:00:06]} Kd8 {[%emt 0:00:04]} 112. Nb5 {[%emt 0:00:16]} Kc8 {[%emt 0:00:43]} 113. Rh7 {[%emt 0:01:10]} Bg2 {[%emt 0:00:10]} 114. Rh2 {[%emt 0:00:15]} Bf3 {[%emt 0:00:25]} 115. Rh8+ {[%emt 0:00:39]} Kd7 {[%emt 0:00:07]} 116. Rh7+ {[%emt 0:00:43]} Kc8 {[%emt 0:00:57]} 117. Nd4 {[%emt 0:01:27]} Bg2 {[%emt 0:01:29]} 118. Rg7 {[%emt 0:00:06]} Be4 {[%emt 0:00:40]} 119. Re7 {[%emt 0:00:05]} Bg2 {[%emt 0:00:35]} 120. Ne6 {[%emt 0:00:07]} Rc6+ {[%emt 0:00:19]} 121. Kb5 {[%emt 0:00:13]} Rc1 {[%emt 0:00:29]} 122. Rg7 {[%emt 0:02:06]} Ba8 {[%emt 0:02:25]} 123. Nc5 {[%emt 0:00:55]} Rb1+ {[%emt 0:00:21]} 124. Kc4 {[%emt 0:00:13]} Rc1+ {[%emt 0:00:28]} 125. Kb4 {[%emt 0:00:13]} Rb1+ {[%emt 0:00:24]} 126. Ka3 {[%emt 0:00:10]} Bd5 {[%emt 0:00:50]} 127. Rg5 {[%emt 0:00:56]} Bf3 {[%emt 0:00:35]} 128. Ka2 {[%emt 0:00:18]} Rb5 {[%emt 0:00:30]} 129. Ne4 {[%emt 0:00:19]} Rb6 {[%emt 0:01:06]} 130. Nc5 {[%emt 0:01:55]} Bd5+ {[%emt 0:00:30]} 131. Ka3 {[%emt 0:00:30]} Bf3 {[%emt 0:00:30]} 132. Ne4 Rb5 {[%emt 0:00:30]} 133. Nc5 {[%emt 0:01:00]} Rb6 134. Rg8+ {[%emt 0:00:30]} Kc7 {[%emt 0:01:00]} 1-0

[Event "Sheikh Russel GM 2021"]
[Site "Dhaka"]
[Date "2021.10.24"]
[Round "6.10"]
[White "Visakh N R"]
[Black "Karpatchev, Aleksandr"]
[Result "1-0"]
[WhiteElo "2515"]
[BlackElo "2427"]
[Annotator "ChessBase"]
[PlyCount "51"]
[EventDate "2021.10.19"]
[EventType "swiss"]
[EventCountry "BAN"]
[SourceTitle "playchess.com"]
[Source "ChessBase"]
[SourceQuality "1"]
[TimeControl "40/5400+30:1800+30"]

1. e4 {[%emt 0:00:08]} e5 {[%emt 0:00:22]} 2. Nf3 {[%emt 0:00:09]} Nc6 {[%emt 0:00:07]} 3. Bc4 {[%emt 0:00:24]} Nf6 {[%emt 0:01:57]} 4. Ng5 {[%emt 0:02:26]} d5 {[%emt 0:00:08]} 5. exd5 {[%emt 0:00:02]} Na5 {[%emt 0:00:06]} 6. Bb5+ {[%emt 0:00:23]} c6 {[%emt 0:00:06]} 7. dxc6 {[%emt 0:00:05]} bxc6 {[%emt 0:00:01]} 8. Bd3 {[%emt 0:00:18]} Nd5 {[%emt 0:07:05]} 9. Nf3 {[%emt 0:00:09]} Bd6 {[%emt 0:00:40]} 10. O-O {[%emt 0:00:33]} O-O {[%emt 0:00:22]} 11. Re1 {[%emt 0:00:25]} Re8 {[%emt 0:01:39]} 12. Nc3 {[%emt 0:01:07]} f5 {[%emt 0:02:08]} 13. Bf1 {[%emt 0:14:27]} e4 {[%emt 0:00:08]} 14. Nxd5 {[%emt 0:01:08]} cxd5 {[%emt 0:01:42]} 15. Nd4 {[%emt 0:00:15]} Be5 {[%emt 0:10:17]} 16. c3 {[%emt 0:02:13]} Bxd4 {[%emt 0:08:04]} 17. cxd4 {[%emt 0:00:38]} Qb6 {[%emt 0:00:14]} 18. d3 {[%emt 0:02:00]} Ba6 {[%emt 0:00:09]} 19. Be3 {[%emt 0:10:45]} Qxb2 {[%emt 0:02:05]} 20. Rb1 {[%emt 0:06:31]} Qa3 {[%emt 0:00:27]} 21. Bc1 {[%emt 0:00:31]} Qd6 {[%emt 0:20:16]} 22. Qa4 {[%emt 0:00:14]} Nb7 {[%emt 0:01:10]} 23. Ba3 {[%emt 0:01:04]} Qe6 {[%emt 0:06:26]} 24. dxe4 {[%emt 0:00:35]} Bxf1 {[%emt 0:00:05]} 25. Kxf1 {[%emt 0:03:04]} Qf7 {[%emt 0:00:40]} 26. exd5 {[%emt 0:12:52]} 1-0

[Event "Sheikh Russel GM 2021"]
[Site "Dhaka"]
[Date "2021.10.24"]
[Round "6.11"]
[White "Mitrabha, Guha"]
[Black "Karthikeyan, P.."]
[Result "1-0"]
[WhiteElo "2479"]
[BlackElo "2404"]
[Annotator "ChessBase"]
[PlyCount "81"]
[EventDate "2021.10.19"]
[EventType "swiss"]
[EventCountry "BAN"]
[SourceTitle "playchess.com"]
[Source "ChessBase"]
[SourceQuality "1"]
[TimeControl "40/5400+30:1800+30"]

1. d4 {[%emt 0:04:34]} Nf6 {[%emt 0:00:08]} 2. c4 {[%emt 0:00:11]} g6 {[%emt 0:00:20]} 3. g3 {[%emt 0:00:22]} Bg7 {[%emt 0:00:24]} 4. Bg2 {[%emt 0:00:08]} d5 {[%emt 0:00:04]} 5. cxd5 {[%emt 0:00:21]} Nxd5 {[%emt 0:00:06]} 6. e4 {[%emt 0:00:05]} Nb4 {[%emt 0:03:22]} 7. d5 {[%emt 0:00:54]} c6 {[%emt 0:00:13]} 8. a3 {[%emt 0:07:47]} N4a6 {[%emt 0:00:07]} 9. Ne2 {[%emt 0:00:39]} cxd5 {[%emt 0:00:21]} 10. exd5 {[%emt 0:00:06]} O-O {[%emt 0:00:11]} 11. O-O {[%emt 0:00:08]} Nd7 {[%emt 0:00:08]} 12. Nbc3 {[%emt 0:00:44]} Ne5 {[%emt 0:00:12]} 13. h3 {[%emt 0:00:44]} Nc4 {[%emt 0:02:56]} 14. b3 {[%emt 0:01:03]} Nd6 {[%emt 0:00:09]} 15. Be3 {[%emt 0:02:36]} Bd7 {[%emt 0:01:06]} 16. b4 {[%emt 0:18:07]} Qc8 {[%emt 0:09:50]} 17. Kh2 {[%emt 0:04:43]} Qc4 {[%emt 0:01:14]} 18. Qd2 {[%emt 0:05:57]} Nf5 {[%emt 0:09:33]} 19. Bg5 {[%emt 0:01:46]} h6 {[%emt 0:04:51]} 20. Bf4 {[%emt 0:00:01]} e5 {[%emt 0:07:07]} 21. Be3 {[%emt 0:05:20]} Nd4 {[%emt 0:17:56]} 22. Rad1 {[%emt 0:02:51]} Nxe2 {[%emt 0:18:17]} 23. Nxe2 {[%emt 0:00:40]} e4 {[%emt 0:00:59]} 24. Rc1 {[%emt 0:03:18]} Qd3 {[%emt 0:00:49]} 25. Qxd3 {[%emt 0:01:57]} exd3 {[%emt 0:00:04]} 26. Nf4 {[%emt 0:00:02]} Bb2 {[%emt 0:13:28]} 27. Rb1 {[%emt 0:00:18]} Bxa3 {[%emt 0:00:03]} 28. Nxd3 {[%emt 0:00:05]} Bf5 {[%emt 0:04:26]} 29. Rfd1 {[%emt 0:00:08]} Rad8 {[%emt 0:02:46]} 30. Rb3 {[%emt 0:00:55]} Bxd3 {[%emt 0:00:35]} 31. Rxa3 {[%emt 0:00:02]} Bb5 {[%emt 0:02:29]} 32. Bxh6 {[%emt 0:00:02]} Rfe8 {[%emt 0:00:12]} 33. Rd4 {[%emt 0:00:01]} Nc7 {[%emt 0:01:00]} 34. Bg5 {[%emt 0:01:59]} Ne6 {[%emt 0:00:10]} 35. Bxd8 {[%emt 0:00:27]} Nxd4 {[%emt 0:00:07]} 36. Bf6 {[%emt 0:00:03]} Nf5 {[%emt 0:01:26]} 37. Rxa7 {[%emt 0:00:14]} Nd6 {[%emt 0:00:12]} 38. Ra2 {[%emt 0:01:13]} Bc4 {[%emt 0:00:29]} 39. Rd2 {[%emt 0:00:09]} b5 {[%emt 0:00:16]} 40. Rd4 {[%emt 0:00:00]} Nf5 {[%emt 0:00:00]} 41. Rf4 {[%emt 0:00:26]} 1-0

[Event "Sheikh Russel GM 2021"]
[Site "Dhaka"]
[Date "2021.10.24"]
[Round "6.12"]
[White "Rasulov, Vugar"]
[Black "Srijit Paul"]
[Result "1-0"]
[WhiteElo "2452"]
[BlackElo "2332"]
[Annotator "ChessBase"]
[PlyCount "95"]
[EventDate "2021.10.19"]
[EventType "swiss"]
[EventCountry "BAN"]
[SourceTitle "playchess.com"]
[Source "ChessBase"]
[SourceQuality "1"]
[TimeControl "40/5400+30:1800+30"]

1. e4 {[%emt 0:00:12]} c5 {[%emt 0:00:40]} 2. Nc3 {[%emt 0:00:21]} a6 {[%emt 0:00:07]} 3. d4 {[%emt 0:00:32]} cxd4 {[%emt 0:00:26]} 4. Qxd4 {[%emt 0:00:06]} Nc6 {[%emt 0:00:14]} 5. Qe3 {[%emt 0:00:20]} e6 {[%emt 0:01:10]} 6. Nf3 {[%emt 0:00:31]} d6 {[%emt 0:06:44]} 7. Bd2 {[%emt 0:11:40]} Nf6 {[%emt 0:00:34]} 8. Qg5 {[%emt 0:00:32]} b5 {[%emt 0:21:23]} 9. Bd3 {[%emt 0:00:25]} h6 {[%emt 0:00:08]} 10. Qg3 {[%emt 0:00:15]} Nh5 {[%emt 0:01:38]} 11. Qh3 {[%emt 0:00:23]} Nf6 {[%emt 0:00:10]} 12. O-O-O {[%emt 0:02:32]} e5 {[%emt 0:13:01]} 13. Qg3 {[%emt 0:00:34]} Nh5 {[%emt 0:00:22]} 14. Qh4 {[%emt 0:00:07]} Be7 {[%emt 0:00:15]} 15. Qxh5 {[%emt 0:01:07]} g6 {[%emt 0:00:08]} 16. Qxh6 {[%emt 0:00:03]} Rxh6 {[%emt 0:00:05]} 17. Bxh6 {[%emt 0:00:02]} Be6 {[%emt 0:00:14]} 18. h4 {[%emt 0:04:26]} Qa5 {[%emt 0:02:38]} 19. h5 {[%emt 0:04:14]} gxh5 {[%emt 0:03:35]} 20. Rxh5 {[%emt 0:00:41]} O-O-O {[%emt 0:00:12]} 21. Kb1 {[%emt 0:01:51]} Rh8 {[%emt 0:10:45]} 22. Nd5 {[%emt 0:00:19]} Qd8 {[%emt 0:00:10]} 23. c4 {[%emt 0:01:58]} bxc4 {[%emt 0:04:18]} 24. Bxc4 {[%emt 0:00:02]} Kb7 {[%emt 0:00:07]} 25. a3 {[%emt 0:06:22]} Qd7 {[%emt 0:06:33]} 26. Rhh1 {[%emt 0:03:26]} Bf8 {[%emt 0:01:37]} 27. Bxf8 {[%emt 0:01:43]} Rxf8 {[%emt 0:00:11]} 28. Rd3 {[%emt 0:01:46]} Na5 {[%emt 0:07:04]} 29. Ba2 {[%emt 0:00:15]} Rc8 {[%emt 0:00:12]} 30. Rhd1 {[%emt 0:05:00]} Qa4 {[%emt 0:04:05]} 31. Ng5 {[%emt 0:09:09]} Qc2+ {[%emt 0:03:29]} 32. Ka1 {[%emt 0:00:26]} Qxf2 {[%emt 0:00:17]} 33. Nxe6 {[%emt 0:00:49]} fxe6 {[%emt 0:00:01]} 34. Nc3 {[%emt 0:00:46]} Nc4 {[%emt 0:03:45]} 35. Rb1 {[%emt 0:00:39]} Qb6 {[%emt 0:00:57]} 36. g4 {[%emt 0:00:52]} Ne3 {[%emt 0:04:43]} 37. Bxe6 {[%emt 0:01:58]} Nc2+ {[%emt 0:02:23]} 38. Ka2 {[%emt 0:00:05]} Rh8 {[%emt 0:01:02]} 39. Nd5 {[%emt 0:00:56]} Qf2 {[%emt 0:01:10]} 40. Ne7 {[%emt 0:00:00]} Nd4 {[%emt 0:00:00]} 41. Bd5+ {[%emt 0:09:22]} Kc7 {[%emt 0:09:26]} 42. Nf5 {[%emt 0:02:32]} Rh2 {[%emt 0:06:05]} 43. Nxd4 {[%emt 0:00:46]} exd4 {[%emt 0:00:46]} 44. Rc1+ {[%emt 0:00:54]} Kb6 {[%emt 0:01:28]} 45. Rb3+ {[%emt 0:00:10]} Ka5 {[%emt 0:00:04]} 46. Rc6 {[%emt 0:01:02]} d3 {[%emt 0:06:34]} 47. Bc4 {[%emt 0:00:09]} Qa7 {[%emt 0:00:03]} 48. Rxd6 {[%emt 0:00:38]} 1-0

[Event "Sheikh Russel GM 2021"]
[Site "Dhaka"]
[Date "2021.10.24"]
[Round "6.13"]
[White "Neelash Saha"]
[Black "Vignesh N R"]
[Result "0-1"]
[WhiteElo "2421"]
[BlackElo "2453"]
[Annotator "ChessBase"]
[PlyCount "96"]
[EventDate "2021.10.19"]
[EventType "swiss"]
[EventCountry "BAN"]
[SourceTitle "playchess.com"]
[Source "ChessBase"]
[SourceQuality "1"]
[TimeControl "40/5400+30:1800+30"]

1. d4 {[%emt 0:02:30]} Nf6 {[%emt 0:00:06]} 2. c4 {[%emt 0:00:05]} e6 {[%emt 0:00:03]} 3. g3 {[%emt 0:00:03]} c5 {[%emt 0:00:14]} 4. Nf3 {[%emt 0:00:04]} cxd4 {[%emt 0:00:05]} 5. Nxd4 {[%emt 0:00:03]} d5 {[%emt 0:00:07]} 6. Bg2 {[%emt 0:00:07]} e5 {[%emt 0:00:06]} 7. Nf3 {[%emt 0:00:02]} d4 {[%emt 0:00:08]} 8. O-O {[%emt 0:00:03]} Nc6 {[%emt 0:00:06]} 9. e3 {[%emt 0:00:04]} Be7 {[%emt 0:00:07]} 10. exd4 {[%emt 0:02:54]} exd4 {[%emt 0:00:37]} 11. Bf4 {[%emt 0:00:05]} Be6 {[%emt 0:00:07]} 12. Nbd2 {[%emt 0:13:49]} O-O {[%emt 0:00:20]} 13. Rc1 {[%emt 0:01:54]} Nh5 {[%emt 0:08:54]} 14. Nxd4 {[%emt 0:04:41]} Nxf4 {[%emt 0:00:40]} 15. Nxc6 {[%emt 0:00:05]} bxc6 {[%emt 0:00:06]} 16. gxf4 {[%emt 0:00:02]} Qd6 {[%emt 0:03:18]} 17. Nb3 {[%emt 0:07:23]} Qxf4 {[%emt 0:01:30]} 18. Qf3 {[%emt 0:00:07]} Qe5 {[%emt 0:11:43]} 19. Qc3 {[%emt 0:01:53]} Qxc3 {[%emt 0:06:10]} 20. Rxc3 {[%emt 0:00:05]} Bf6 {[%emt 0:00:05]} 21. Rc2 {[%emt 0:01:17]} Rab8 {[%emt 0:00:01]} 22. Na5 {[%emt 0:16:04]} Rxb2 {[%emt 0:01:30]} 23. Rxb2 {[%emt 0:00:13]} Bxb2 {[%emt 0:00:06]} 24. Rb1 {[%emt 0:00:33]} Bf6 {[%emt 0:06:12]} 25. Nxc6 {[%emt 0:09:07]} Bxc4 {[%emt 0:00:15]} 26. a4 {[%emt 0:00:10]} h5 {[%emt 0:12:08]} 27. Nxa7 {[%emt 0:02:59]} Rd8 {[%emt 0:00:25]} 28. Rc1 {[%emt 0:03:23]} Bb3 {[%emt 0:04:10]} 29. a5 {[%emt 0:02:18]} Rd2 {[%emt 0:00:10]} 30. Nc6 {[%emt 0:09:50]} Ra2 {[%emt 0:03:27]} 31. Be4 {[%emt 0:06:03]} g6 {[%emt 0:00:39]} 32. Rb1 {[%emt 0:01:34]} Be6 {[%emt 0:01:32]} 33. f4 {[%emt 0:06:13]} Bh4 {[%emt 0:05:41]} 34. Kh1 {[%emt 0:02:55]} Ra4 {[%emt 0:09:41]} 35. Bg2 {[%emt 0:01:18]} Kg7 {[%emt 0:01:03]} 36. Rd1 {[%emt 0:01:39]} Bg4 {[%emt 0:03:59]} 37. Rb1 {[%emt 0:01:18]} Bf2 {[%emt 0:01:38]} 38. Bd5 {[%emt 0:02:42]} Bh3 {[%emt 0:02:44]} 39. Bg2 {[%emt 0:00:20]} Bf5 {[%emt 0:00:13]} 40. Rf1 {[%emt 0:00:00]} Be3 {[%emt 0:00:00]} 41. Ne7 {[%emt 0:02:32]} Bd3 {[%emt 0:04:21]} 42. Rd1 {[%emt 0:00:04]} Bc2 {[%emt 0:01:11]} 43. Rf1 {[%emt 0:00:36]} Rxa5 {[%emt 0:10:31]} 44. h3 {[%emt 0:07:40]} Bd3 {[%emt 0:36:21]} 45. Rd1 {[%emt 0:01:30]} Bxf4 {[%emt 0:00:00]} 46. Bd5 {[%emt 0:01:44]} Be2 {[%emt 0:00:00]} 47. Re1 {[%emt 0:00:17]} Rxd5 {[%emt 0:00:00]} 48. Rxe2 {[%emt 0:00:06]} Rc5 {[%emt 0:00:00]} 0-1

[Event "Sheikh Russel GM 2021"]
[Site "Dhaka"]
[Date "2021.10.24"]
[Round "6.14"]
[White "Debashis, Das"]
[Black "Hossain, Enamul"]
[Result "1/2-1/2"]
[WhiteElo "2501"]
[BlackElo "2396"]
[Annotator "ChessBase"]
[PlyCount "148"]
[EventDate "2021.10.19"]
[EventType "swiss"]
[EventCountry "BAN"]
[SourceTitle "playchess.com"]
[Source "ChessBase"]
[SourceQuality "1"]
[TimeControl "40/5400+30:1800+30"]

1. c4 {[%emt 0:00:03]} c5 {[%emt 0:04:28]} 2. Nc3 {[%emt 0:00:18]} g6 {[%emt 0:00:35]} 3. g3 {[%emt 0:00:15]} Bg7 {[%emt 0:00:09]} 4. Bg2 {[%emt 0:00:08]} Nc6 {[%emt 0:00:15]} 5. Nf3 {[%emt 0:00:05]} e6 {[%emt 0:01:00]} 6. d4 {[%emt 0:00:19]} cxd4 {[%emt 0:00:27]} 7. Nb5 {[%emt 0:00:07]} d5 {[%emt 0:00:34]} 8. cxd5 {[%emt 0:00:08]} exd5 {[%emt 0:00:20]} 9. O-O {[%emt 0:00:15]} Nf6 {[%emt 0:00:33]} 10. Nbxd4 {[%emt 0:19:34]} O-O {[%emt 0:00:41]} 11. Nxc6 {[%emt 0:00:35]} bxc6 {[%emt 0:00:03]} 12. Qc2 {[%emt 0:00:06]} Bb7 {[%emt 0:08:46]} 13. Be3 {[%emt 0:03:35]} Re8 {[%emt 0:03:29]} 14. Bd4 {[%emt 0:00:18]} a5 {[%emt 0:01:07]} 15. Rfd1 {[%emt 0:08:24]} Bf8 {[%emt 0:11:05]} 16. b3 {[%emt 0:05:47]} Ne4 {[%emt 0:10:17]} 17. Ne5 {[%emt 0:03:56]} c5 {[%emt 0:09:45]} 18. Bb2 {[%emt 0:00:54]} Bg7 {[%emt 0:00:47]} 19. Bxe4 {[%emt 0:07:35]} Bxe5 {[%emt 0:00:10]} 20. Bf3 {[%emt 0:02:32]} Rc8 {[%emt 0:11:09]} 21. Rd2 {[%emt 0:06:06]} Qf6 {[%emt 0:05:32]} 22. Rad1 {[%emt 0:02:25]} Red8 {[%emt 0:02:31]} 23. Bxe5 {[%emt 0:12:54]} Qxe5 {[%emt 0:00:02]} 24. Rd3 {[%emt 0:00:31]} a4 {[%emt 0:07:02]} 25. bxa4 {[%emt 0:04:31]} Bc6 {[%emt 0:00:46]} 26. a5 {[%emt 0:02:07]} d4 {[%emt 0:00:39]} 27. Bxc6 {[%emt 0:02:00]} Rxc6 {[%emt 0:00:01]} 28. e3 {[%emt 0:00:29]} Rcd6 {[%emt 0:00:51]} 29. exd4 {[%emt 0:00:58]} Rxd4 {[%emt 0:01:05]} 30. Rxd4 {[%emt 0:02:10]} cxd4 {[%emt 0:01:36]} 31. a6 {[%emt 0:01:07]} d3 {[%emt 0:00:38]} 32. Qa4 {[%emt 0:03:50]} Qd4 {[%emt 0:13:26]} 33. Qxd4 {[%emt 0:02:46]} Rxd4 {[%emt 0:00:02]} 34. Kf1 {[%emt 0:03:58]} h5 {[%emt 0:02:11]} 35. Ra1 {[%emt 0:02:18]} Ra4 {[%emt 0:02:18]} 36. Ke1 {[%emt 0:00:15]} Kf8 {[%emt 0:00:22]} 37. Kd2 {[%emt 0:00:24]} Ra3 {[%emt 0:00:09]} 38. a7 {[%emt 0:00:10]} Ke7 {[%emt 0:00:08]} 39. a8=Q {[%emt 0:00:08]} Rxa8 {[%emt 0:00:02]} 40. a4 {[%emt 0:06:29]} Ra5 {[%emt 0:00:00]} 41. Kxd3 {[%emt 0:00:00]} Kd6 {[%emt 0:03:15]} 42. Ke4 {[%emt 0:00:00]} Re5+ {[%emt 0:06:31]} 43. Kd4 {[%emt 0:00:00]} Ra5 {[%emt 0:00:02]} 44. Ra3 {[%emt 0:00:00]} g5 {[%emt 0:00:46]} 45. Kc4 {[%emt 0:03:41]} g4 {[%emt 0:02:26]} 46. Kd4 {[%emt 0:07:20]} Rd5+ {[%emt 0:04:37]} 47. Kc4 {[%emt 0:02:52]} Ra5 {[%emt 0:00:35]} 48. Kb4 {[%emt 0:03:34]} Rf5 {[%emt 0:00:15]} 49. a5 {[%emt 0:00:12]} Kc7 {[%emt 0:00:16]} 50. a6 {[%emt 0:00:04]} Kb8 {[%emt 0:00:07]} 51. a7+ {[%emt 0:00:04]} Ka8 {[%emt 0:00:05]} 52. Ra2 {[%emt 0:00:04]} Rd5 {[%emt 0:08:28]} 53. Kc4 {[%emt 0:10:17]} Rd6 {[%emt 0:00:43]} 54. Kc5 {[%emt 0:00:29]} Rd3 {[%emt 0:00:17]} 55. Ra4 {[%emt 0:02:46]} Rd7 {[%emt 0:11:56]} 56. Kc6 {[%emt 0:00:50]} Re7 {[%emt 0:00:24]} 57. Kd5 {[%emt 0:02:24]} Re1 {[%emt 0:01:33]} 58. Kc6 {[%emt 0:02:57]} Rc1+ {[%emt 0:00:29]} 59. Kb6 {[%emt 0:01:06]} Rb1+ {[%emt 0:01:08]} 60. Ka6 {[%emt 0:00:39]} Rb7 {[%emt 0:00:23]} 61. Rf4 {[%emt 0:00:29]} Rxa7+ {[%emt 0:00:07]} 62. Kb6 {[%emt 0:00:02]} Re7 {[%emt 0:00:11]} 63. Kc6 {[%emt 0:00:27]} Kb8 {[%emt 0:00:44]} 64. Kd6 {[%emt 0:00:13]} Re1 {[%emt 0:00:55]} 65. Rf5 {[%emt 0:00:18]} Kc8 {[%emt 0:00:17]} 66. Rxf7 {[%emt 0:01:19]} Rh1 {[%emt 0:00:12]} 67. Rf8+ {[%emt 0:00:11]} Kb7 {[%emt 0:00:01]} 68. Rf5 {[%emt 0:00:37]} Rxh2 {[%emt 0:00:01]} 69. Ke5 {[%emt 0:00:17]} Kc6 {[%emt 0:03:15]} 70. Kf6 {[%emt 0:00:36]} Kd6 {[%emt 0:00:00]} 71. Kg6 {[%emt 0:00:15]} Ke7 {[%emt 0:00:00]} 72. Rxh5 {[%emt 0:00:31]} Rxf2 {[%emt 0:00:00]} 73. Rh4 {[%emt 0:00:03]} Kf8 {[%emt 0:00:00]} 74. Rxg4 {[%emt 0:00:09]} Kg8 {[%emt 0:00:03]} 1/2-1/2